Datum a čas kvízu
27
Celkem bodů
Celkový počet nahraných bodů na tomto kvízu bez doplňovacích otázek.
7.
Pořadí na kvízu
Konečné umístění týmu na tomto kvízu.
Zaznamenané odpovědi
| # | Otázka | Odpověď | Body | Výsledky |
|---|---|---|---|---|
| 1. | Jeden z ministrů české vlády m... | Oto Klempíř | 0 | |
| 2. | Že USA společně s Izraelem zaú... | C | 0 | |
| 3. | Do Prahy zavítal na natáčení 5... | Leonardo DiCaprio; Martin Scorsese | 0.5 | |
| 4. | V pátek byla oznámena fúze dvo... | Paramount (Skydance), Warner Bros. (Discovery) | 0.5 | |
| 5. | Hokejový klub Dynamo Pardubice... | B | 1 | |
| 6. | Název „Pyrenejský poloostrov“... | Iberský poloostrov | 0 | |
| 7. | Vyberte správné tvrzení týkají... | A | 1 | |
| 8. | Níže vidíte na mapě jisté auto... | Andalusie, Sevilla | 0 | |
| 9. | Jak se jmenuje portugalský mys... | C | 1 | |
| 10. | Hledáme název ikonické stavby... | Belémská věž | 0 |